000 01776cam a22004574i 4500
003 PE-LiUPU
005 20250731173359.0
008 150706s2005 miu r 000 0 spa d
020 _a1558834516
035 _a(Sirsi) i9781558834514
040 _aPE-LiUPU
_bspa
_cPE-LiUPU
_erda
049 _aPRUA
082 0 4 _a238
_bB39
_221
100 1 _aBerkhof, Louis,
_eautor.
245 1 0 _aManual de doctrina cristiana /
_cLouis Berkhof.
264 1 _aMichigan :
_bLibros desafío,
_c2005.
300 _a337 páginas ;
_c23 centímetros
336 _atext
_2rdacontent
337 _aunmediated
_2rdamedia
338 _avolume
_2rdacarrier
505 0 _aLa doctrina de Dios y su creación -- La doctrina del ser humano en relación con Dios -- La doctrina de la persona y la obra de Cristo -- La doctrina de la aplicación de la obra de redención -- La doctrina de la iglesia y los medios de gracia -- La doctrina de las últimas cosas.
526 _aSEG42
526 _aSEG41
526 _aSEG40
526 _aSEG39
526 _aP94
526 _aP87
526 _aP86
526 _aP85
526 _aP77
526 _aP76
526 _aP35
541 _g001-0000499;
650 0 4 _aCristianismo
_xDoctrinas.
_95912
910 _agl
_bjck
_d20101228
942 _2ddc
_cBOOK
949 _a238 B39
_wDEWEY
_c1
_i62468
_lCCODEBUL1
_mBUL
_p13.00
_r0
_sY
_tBOOK
_u2015-7-6
_xTEOLOGIA
_PP35
_0COMPRA
_o.STAFF. Colección General
994 _aC0
_bPEPRU
596 _a1
999 _a238 B39
_wDEWEY
_c51528
_i62468
_d51528
_e2017-7-16
_f2021-11-10
_g5
_lCCODEBUL1
_mBUL
_n2
_p13.00
_q1
_r0
_sY
_tBOOK
_u2015-7-6
_xTEOLOGIA
_PP35
_0COMPRA
_o.STAFF. Colección Teología
980 _81
_gALBERTO SANCHEZ Responsable de Automatización